000 01405nam a22003017a 4500
005 20110711135325.0
010 _aENG-102970 B-461962
020 _a9780198074939
_c395.00
020 _a019807493x
_c395.00
035 _aEN-86503 B-461962
037 _bDBAD / PUB
037 _bAllied Pub/Ven
082 _a338.954
100 _aMohan, Rakesh
_947401
245 _aMonetary policy in a globalized economy :
_ba practitioner's view /
_cby Rakesh Mohan
260 _aNew Delhi
_bOxford University Press
_c2011
270 _aYMCA Library Building, Jai Singh Road,
_bNew Delhi
_e110001
300 _axx, 328p.
_c24cm (pbk)
500 _aIncludes bibliographical references and index
520 _aWith reference to India.
650 _aMonetary policy
_zIndia.
_947402
650 _aBanks and banking
_zIndia.
_947403
650 _aGlobalization
_xEconomic aspects
_zIndia.
_947404
942 _2ddc
_cEN
_mMOH
_h338.954
999 _c53710
_d53710